LDR 00712naa#a2200181#i#450# 001 EN\\bibl\20041 005 20260701103827.3 100 ## _a20260630b2026####ek#y0engy0150####ca 102 ## _aRU 200 1# _aDEVELOPMENT OF A WEB-ORIENTED INFORMATION SYSTEM FOR DECISION SUPPORT _eConference article/thesis 210 1# _aVoronezh _cFSBE Institution of Higher Education Voronezh State University of Forestry and Technologies named after G.F. Morozov _d2026 215 ## _a6 с. 608 ## _aConference article/thesis _2local 675 ## _aСпособы задания и реализации автоматов. 519.713.1 _z 700 #1 _aOsipov _gM. A. 700 #1 _aChechukova _gK. O. 700 #1 _aAvilova _gO. A. 856 4# _abibl.vgltu.ru _u